vufinder Bibliothèque Municipale de Charleval de Provence
Se connecter

Autre Amérique (L')

Book Cover
Auteur principal: Judith Perrignon
Support: Livres
Langue: Francais
Genre: Documentaire
Sujets:
Étiquettes: Ajouter
Pas de Tags !

LEADER 00794nam0a2200181 450
001 16848353
010 |a 978-2-246-84120-3  |b br.  |d 20 € 
100 |a 20250228d2025 u u0frey01 ba 
101 0 |a fre 
102 |a FR 
200 0 |a Autre Amérique (L')  |f Judith Perrignon 
207 1 |a   
215 |a 1 vol. (233 p.)  |d 21 x 14 cm 
330 |a Alors que la politique de Donald Trump représente tout ce contre quoi se battait Franklin D. Roosevelt, l'auteure relate l'histoire et la politique des Etats-Unis pendant la période de l'ancien président, évoquant ses actions et sa pensée. 
700 0 |a Perrignon  |b Judith  |f 1967-....  |4 70 
900 |a Documentaire 
901 |a Accessible au prêt 
995 |a Bibliothèque  |c Bibliothèque  |f 00156011588480  |h 00156011588480  |k 973.9 PER  |o p  |q a  |r az  |e Bibliothèque 

Options de recherche

Historique de recherche
Recherche avancée

Trouver plus

Nouveautés

Besoin d'aide ?

Contacter un bibliothécaire